Paroles - Face à la mer - Calogero - Statistiques

Statistiques générales
  • Ce quiz a été pris 342 fois
  • Le résultat moyen est 291 sur 491
Statistiques - réponses
Indice Réponse % Correct
C
100%
à
98%
a
98%
la
98%
La
98%
M
98%
O
98%
R
98%
Pont | Refrain Face
97%
face
97%
me
97%
N
97%
de
96%
De
96%
mer
93%
contre
92%
du
91%
91%
G
91%
terre
91%
Je
90%
je
90%
I
88%
mourir
88%
J'aurais
87%
le
87%
mon
86%
dernier
85%
pu
84%
rêve
84%
relève
80%
prends
79%
pas
78%
Couplet 1 | Outro On
77%
on
77%
sa
77%
et
74%
Et
74%
ne
74%
grandir
73%
peau
72%
ça
71%
cou
70%
des
70%
Des
70%
pour
70%
son
70%
ni
69%
un
69%
couleur
66%
vie
66%
les
65%
m'a
64%
Comme
63%
comme
63%
qui
63%
j'ai
62%
J'ai
62%
qu'à
62%
Couplet 2 | Couplet 3 C'est
61%
au
60%
choisit
60%
origine
59%
château
58%
Quand
58%
se
57%
sur
56%
tout
56%
d'en
55%
d'une
55%
une
54%
toi
53%
trop
53%
Trop
53%
Ton
51%
ton
51%
en
49%
ghetto
49%
mots
49%
Calo
48%
Etre
47%
être
47%
Hugo
47%
Fait
46%
fait
46%
nom
46%
Passi
46%
cette
45%
Cette
45%
dans
45%
Dans
45%
Tous
45%
tous
45%
vit
45%
peu
44%
Fils
42%
liste
42%
y
42%
Y
42%
Cosette
41%
Si
41%
2
40%
comparaître
40%
avec
38%
38%
autour
37%
mes
37%
n'a
37%
Cité
35%
jeunes
35%
résiste
35%
0
33%
bas
33%
"t'as
33%
t'as
33%
T'as
33%
t'es
33%
Action
32%
air
32%
sang
32%
poids
31%
4
30%
sanglots
30%
même
29%
connu
28%
deux
28%
larmes
28%
patates
28%
sans
28%
veut
28%
droite
27%
gauche
27%
suis
27%
loin
26%
l'on
26%
patibulaire
26%
saoulé
26%
Sortir
26%
sortir
26%
fond
25%
haine
25%
dalle
24%
tape
24%
acquisition
23%
galères
23%
L'envie
23%
pleurer
23%
prier
23%
baratin
22%
déçus
22%
euro"
22%
l'histoire
22%
vise
22%
beaucoup
21%
d'armes
21%
lâcher
21%
ont
21%
treillis
21%
yeux
21%
l'ai
20%
l'étau
20%
matière
20%
Panthéon
20%
ceux
19%
dont
19%
grise
19%
taffer"
19%
tant
19%
Très-Haut
19%
Très-haut
19%
côté
18%
distribuer
18%
droites
18%
gauches
18%
peuvent
18%
rebellé
18%
rêves
18%
Tristesse
18%
cesse
17%
conflit
17%
Naître
17%
niaque
17%
potes
17%
tapes
17%
l'goudron
16%
l'pays
16%
plume
16%
rêver
16%
baisser
15%
cravacher
15%
c'tableau
15%
l'arrachée
15%
l'ont
15%
bu
14%
ciel
14%
faut
14%
J'en
14%
lointains
14%
place
14%
s'étouffe
14%
l'pantalon
13%
l'poids
13%
rêvent
13%
semer
13%
bonnes
12%
fées
12%
RMIstes
12%
sécheresse
12%
étoilé
11%
l'Etat
11%
d'déchirer
10%
d'empocher
10%
d'Cendrillons
9%
d't'en
9%
toucher
9%
au-dessus
7%
d'consécration
4%
repart
4%
Aucun quiz correspondant
Distribution des résultats
% des personnes avec chaque résultat
Percentile par nombre de réponses
Votre historique - résultats
Vous n’avez pas pris ce quiz